00484nam a2200181 a 4500001001300000003000900013005001700022008004100039020002300080082001300103100002200116245006000138260002500198300000900223500003500232650001300267700002200280nice12345678IN_TiNIC20260116014857.0121001s2008 dela grp 000 0 eng  a9788184580235c27500a266bDOS aDoss, Mohan S V D aLed By the Spiritb Mission, Spirituality and Formation aDelhi bISPCK c2008 a315p aincludes index and biblioraphy aMissions1 aDoss, Mohan S V D